| 000 | 00397nam a2200157Ia 4500 | ||
|---|---|---|---|
| 008 | 241014s9999||||xx |||||||||||||| ||und|| | ||
| 020 | _a0-849339723 | ||
| 060 | _aQV 771 N 2007 | ||
| 100 | _aJoseph D. Nally | ||
| 245 | 0 | _aGood Manufacturing Practices for Pharmaceuticals. | |
| 250 | _a6th | ||
| 260 |
_bInforma Healthcare _c2007 |
||
| 300 | _a398 | ||
| 650 | _aPharmacology | ||
| 942 |
_bDIMC _cBK |
||
| 999 |
_c8035 _d8035 |
||